[Event "Medellin Sub zt 2.3.2"]
[Site "Medellin"]
[Date "2025.04.17"]
[Round "6"]
[White "Silva Alvarez, Matias"]
[Black "Avellaneda Arevalo, Ronald"]
[Result "1/2-1/2"]
[WhiteElo "1658"]
[BlackElo "1899"]
[PlyCount "123"]
[EventDate "2025.04.14"]
[EventType "swiss"]
[EventRounds "9"]
[EventCountry "COL"]
[SourceTitle "CB18_2025"]
[SourceDate "2025.04.30"]
[SourceVersion "1"]
[SourceVersionDate "2025.04.30"]
[SourceQuality "1"]

1. e4 c6 2. Nf3 d5 3. Nc3 dxe4 4. Nxe4 Nf6 5. Nxf6+ exf6 6. d4 Bd6 7. Bd3 0-0 8. 0-0 Bg4 9. h3 Bh5 10. Be3 Nd7 11. Rc1 Qc7 12. Be2 Nb6 13. c4 Bf4 14. Qd2 Bxe3 15. Qxe3 Rfe8 16. Qd2 Rad8 17. Rfd1 Qe7 18. Re1 Qd7 19. Red1 Qe6 20. Re1 Qd7 21. b3 h6 22. Rcd1 Re4 23. Qc2 Rde8 24. Qd2 Qe6 25. Bd3 Rxe1+ 26. Rxe1 Qd7 27. Rxe8+ Qxe8 28. Ne1 Bg6 29. Bxg6 fxg6 30. Nd3 Nd7 31. Kf1 Qe4 32. Qe2 Qxd4 33. Kg1 Ne5 34. Ne1 c5 35. g3 Kf7 36. Ng2 Qd3 37. Nf4 Qxe2 38. Nxe2 Nf3+ 39. Kf1 f5 40. Nc3 Ke6 41. Kg2 Nd4 42. Nd5 g5 43. f3 Nc2 44. Kf2 Nb4 45. Nc3 Ke5 46. Ke3 a6 47. f4+ gxf4+ 48. gxf4+ Kd6 49. h4 Nc2+ 50. Kd2 Nd4 51. Ke3 b5 52. cxb5 axb5 53. Nd1 b4 54. Nb2 Kd5 55. Nd3 Nc6 56. Nb2 g6 57. Nc4 Ke6 58. Nd2 Na5 59. Ke2 Kf6 60. Nf3 Ke6 61. Nd2 Kd5 62. Kd3 1/2-1/2

[Event "Medellin Sub zt 2.3.2"]
[Site "Medellin"]
[Date "2025.04.16"]
[Round "5"]
[White "Solarte Quintero, Agustin"]
[Black "Silva Alvarez, Matias"]
[Result "1-0"]
[WhiteElo "1876"]
[BlackElo "1658"]
[PlyCount "38"]
[EventDate "2025.04.14"]
[EventType "swiss"]
[EventRounds "9"]
[EventCountry "COL"]
[SourceTitle "CB18_2025"]
[SourceDate "2025.04.30"]
[SourceVersion "1"]
[SourceVersionDate "2025.04.30"]
[SourceQuality "1"]

1. d4 Nf6 2. Nf3 e6 3. g3 c5 4. Bg2 Nc6 5. 0-0 d5 6. b3 Be7 7. dxc5 Bxc5 8. Bb2 0-0 9. Nbd2 Qc7 10. c4 d4 11. a3 a5 12. Ne1 Ne5 13. Ndf3 Nxf3+ 14. exf3 e5 15. Nd3 Bf5 16. Re1 Rfe8 17. Re2 Re7 18. Bc1 Qd6 19. a4 Bb4 1-0

[Event "Santiago de Cali U2000 op"]
[Site "Cali"]
[Date "2024.12.27"]
[Round "1"]
[White "Silva Alvarez, Matias"]
[Black "Tirado Veliz, Henry Jose"]
[Result "1/2-1/2"]
[WhiteElo "1611"]
[BlackElo "1989"]
[PlyCount "85"]
[EventDate "2024.12.27"]
[EventType "swiss"]
[EventRounds "7"]
[EventCountry "COL"]
[SourceTitle "CB01_2025"]
[SourceDate "2025.01.01"]
[SourceVersion "1"]
[SourceVersionDate "2025.01.01"]
[SourceQuality "1"]

1. e4 c5 2. Nf3 d6 3. c3 Nf6 4. Bd3 g6 5. Bc2 Bg7 6. d4 0-0 7. 0-0 Nc6 8. h3 cxd4 9. cxd4 e5 10. dxe5 dxe5 11. Nc3 Be6 12. Be3 Qxd1 13. Rfxd1 Rfd8 14. Rac1 h6 15. Rxd8+ Rxd8 16. Rd1 Rxd1+ 17. Bxd1 a6 18. a3 g5 19. g4 Bc4 20. Bc2 Nd7 21. Nd2 Be6 22. Bb3 Bxb3 23. Nxb3 Nd4 24. Nc1 Nb6 25. Nd3 Nc4 26. Bxd4 exd4 27. Nd1 Nd2 28. e5 Nf3+ 29. Kg2 Nxe5 30. Nxe5 Bxe5 31. Kf3 Kf8 32. Ke4 Bg7 33. b3 Ke7 34. Nb2 Kd6 35. Nd3 Kc6 36. Nb4+ Kc5 37. Nd3+ Kc6 38. Nb4+ Kb5 39. Nd5 a5 40. Ne7 a4 41. Nf5 Bf6 42. b4 Kc4 43. Nxd4 1/2-1/2

[Event "Popayan Yeika op 1st"]
[Site "Popayan"]
[Date "2024.10.14"]
[Round "6"]
[White "Tobar, Juan Carlos"]
[Black "Silva Alvarez, Matias"]
[Result "1-0"]
[WhiteElo "2022"]
[BlackElo "1617"]
[PlyCount "51"]
[EventDate "2024.10.11"]
[EventType "swiss"]
[EventRounds "7"]
[EventCountry "COL"]
[SourceTitle "CB43_2024"]
[Source "Chessbase"]
[SourceDate "2024.10.23"]
[SourceVersion "1"]
[SourceVersionDate "2024.10.23"]
[SourceQuality "1"]

1. g3 c5 2. Bg2 Nc6 3. d3 g6 4. c4 Bg7 5. Nc3 Nf6 6. e4 d6 7. Nge2 Bd7 8. h3 Rb8 9. Be3 e5 10. 0-0 0-0 11. Qd2 Qe7 12. Bg5 Be6 13. f4 h6 14. Bh4 Qd7 15. Nd5 Ne8 16. f5 gxf5 17. exf5 Bxf5 18. g4 Bg6 19. Nf6+ Nxf6 20. Bxf6 Rbe8 21. Bd5 Nb4 22. Ng3 Nxd5 23. cxd5 e4 24. dxe4 Bxe4 25. Nh5 Bg6 26. Nxg7 1-0

[Event "Popayan Yeika op 1st"]
[Site "Popayan"]
[Date "2024.10.12"]
[Round "3"]
[White "Simancas Maradei, Miguel Alejandro"]
[Black "Silva Alvarez, Matias"]
[Result "1-0"]
[WhiteElo "2031"]
[BlackElo "1617"]
[PlyCount "135"]
[EventDate "2024.10.11"]
[EventType "swiss"]
[EventRounds "7"]
[EventCountry "COL"]
[SourceTitle "CB43_2024"]
[Source "Chessbase"]
[SourceDate "2024.10.23"]
[SourceVersion "1"]
[SourceVersionDate "2024.10.23"]
[SourceQuality "1"]

1. d4 Nf6 2. c4 e6 3. Nc3 Bb4 4. Qc2 c5 5. a3 Bxc3+ 6. bxc3 0-0 7. e4 d5 8. e5 Nfd7 9. Nf3 h6 10. Bd3 Nc6 11. 0-0 b6 12. cxd5 exd5 13. Re1 Re8 14. h3 Nf8 15. Be3 Ne6 16. dxc5 bxc5 17. Rad1 Ne7 18. Qa4 Bd7 19. Qh4 Nf8 20. Bxc5 Nfg6 21. Qg3 Qc8 22. Bxe7 Nxe7 23. Nd4 Nf5 24. Bxf5 Bxf5 25. Nb5 Qd7 26. Nd6 Reb8 27. Rxd5 Be6 28. Rd4 Qc6 29. Rb4 a5 30. Rxb8+ Rxb8 31. c4 Rb2 32. Qc3 Rb6 33. Qxa5 Ra6 34. Qb5 Qa8 35. Ra1 Qa7 36. c5 Bd7 37. Qb3 Bc6 38. e6 fxe6 39. Qxe6+ Kh7 40. Qf5+ Kg8 41. Rb1 Qa8 42. Qe5 Ra7 43. Nf5 Rb7 44. Rb6 Bxg2 45. Qg3 Be4 46. Nxh6+ Kh8 47. Nf7+ Kg8 48. Nd6 Ra7 49. Qb3+ Kh7 50. Nxe4 Qxe4 51. Qb1 Qxb1+ 52. Rxb1 Rxa3 53. Rc1 Kg6 54. c6 Ra8 55. c7 Rc8 56. Kg2 Kf5 57. Kf3 Ke5 58. Kg4 Kf6 59. Rc6+ Kf7 60. Kg5 Ke7 61. Kg6 Kf8 62. f4 Kg8 63. f5 Kf8 64. h4 Kg8 65. h5 Kf8 66. f6 Kg8 67. h6 gxf6 68. Rd6 1-0

[Event "American Continental 18th"]
[Site "Medellin"]
[Date "2024.05.30"]
[Round "9"]
[White "Ramirez Montoya, Jorge A"]
[Black "Silva Alvarez, Matias"]
[Result "1-0"]
[WhiteElo "1825"]
[BlackElo "1556"]
[PlyCount "123"]
[EventDate "2024.05.24"]
[EventType "swiss"]
[EventRounds "11"]
[EventCountry "COL"]
[SourceTitle "CBM 220 Extra"]
[Source "ChessBase"]
[SourceDate "2024.07.31"]
[SourceVersion "1"]
[SourceVersionDate "2024.07.31"]
[SourceQuality "1"]

1. e4 c5 2. Nf3 Nc6 3. d4 cxd4 4. Nxd4 g6 5. c4 Bg7 6. Be3 Nf6 7. Nc3 Qa5 8. f3 d6 9. Qd2 Bd7 10. Be2 Rc8 11. 0-0 0-0 12. Nxc6 Bxc6 13. Nd5 Qd8 14. Bxa7 Bxd5 15. cxd5 b6 16. Qb4 Nd7 17. Bb5 Ra8 18. Bxd7 Rxa7 19. Bc6 Qb8 20. a4 Rc8 21. Ra3 Ra5 22. Qd2 Qa7 23. Kh1 Rc5 24. b4 Rc4 25. Rd3 R8xc6 26. dxc6 Qxa4 27. f4 Qxc6 28. f5 Bc3 29. Qf2 f6 30. Qa2 Be5 31. Rd5 Kg7 32. b5 Rc1 33. Qe2 Qc2 34. Qf3 Rxf1+ 35. Qxf1 Qxe4 36. Rd1 Qh4 37. Qg1 Qa4 38. fxg6 hxg6 39. Rb1 Qe4 40. Qe1 Qf4 41. Qg1 Qe4 42. Rb3 Qc4 43. Qb1 Qf4 44. Rh3 d5 45. Rg3 Qe4 46. Qxe4 dxe4 47. Re3 f5 48. g3 Kf6 49. Kg2 Bd4 50. Ra3 Ke5 51. Ra7 Bc5 52. Rc7 e6 53. h4 Kf6 54. Rxc5 bxc5 55. b6 c4 56. b7 Ke5 57. b8Q+ Kd4 58. Qd6+ Ke3 59. Qxe6 c3 60. Qxg6 c2 61. Qg5+ Kd3 62. Kf2 1-0

[Event "American Continental 18th"]
[Site "Medellin"]
[Date "2024.05.29"]
[Round "8"]
[White "Silva Alvarez, Matias"]
[Black "Acosta Angulo, Mariana Valentina"]
[Result "1-0"]
[WhiteElo "1556"]
[BlackElo "1747"]
[PlyCount "43"]
[EventDate "2024.05.24"]
[EventType "swiss"]
[EventRounds "11"]
[EventCountry "COL"]
[SourceTitle "CBM 220 Extra"]
[Source "ChessBase"]
[SourceDate "2024.07.31"]
[SourceVersion "1"]
[SourceVersionDate "2024.07.31"]
[SourceQuality "1"]

1. e4 c5 2. Nf3 g6 3. c3 Nf6 4. e5 Nd5 5. d4 cxd4 6. cxd4 Nc6 7. Nc3 Nxc3 8. bxc3 Bg7 9. Bd3 0-0 10. 0-0 d6 11. exd6 Qxd6 12. a4 Be6 13. Re1 h6 14. Ba3 Qc7 15. Bxg6 fxg6 16. Rxe6 Kh7 17. d5 Na5 18. Bb4 Rf7 19. Qd3 Nc4 20. Rxg6 Kg8 21. Re1 a5 22. Bxe7 1-0

[Event "American Continental 18th"]
[Site "Medellin"]
[Date "2024.05.27"]
[Round "6"]
[White "Silva Alvarez, Matias"]
[Black "Mendoza Gomez, Juana Fernanda"]
[Result "1-0"]
[WhiteElo "1556"]
[BlackElo "1761"]
[PlyCount "53"]
[EventDate "2024.05.24"]
[EventType "swiss"]
[EventRounds "11"]
[EventCountry "COL"]
[SourceTitle "CBM 220 Extra"]
[Source "ChessBase"]
[SourceDate "2024.07.31"]
[SourceVersion "1"]
[SourceVersionDate "2024.07.31"]
[SourceQuality "1"]

1. e4 c5 2. Nf3 Nc6 3. c3 d5 4. Bd3 Nf6 5. e5 c4 6. Bc2 Nd7 7. Ba4 Nc5 8. Bxc6+ bxc6 9. 0-0 Bg4 10. d4 Nd3 11. h3 Bh5 12. b3 Nxc1 13. Qxc1 Bxf3 14. gxf3 cxb3 15. axb3 e6 16. Qe3 Qh4 17. Kh2 g5 18. Rg1 Bh6 19. Nd2 Kd7 20. c4 Rhf8 21. Ra6 f5 22. exf6 Rxf6 23. b4 Rf4 24. b5 cxb5 25. Qxe6+ Kd8 26. Rd6+ Kc7 27. Qe7+ 1-0

[Event "American Continental 18th"]
[Site "Medellin"]
[Date "2024.05.25"]
[Round "2"]
[White "Silva Alvarez, Matias"]
[Black "Molina Ballesteros, Juan Sebastian"]
[Result "1-0"]
[WhiteElo "1556"]
[BlackElo "1821"]
[PlyCount "75"]
[EventDate "2024.05.24"]
[EventType "swiss"]
[EventRounds "11"]
[EventCountry "COL"]
[SourceTitle "CBM 220 Extra"]
[Source "ChessBase"]
[SourceDate "2024.07.31"]
[SourceVersion "1"]
[SourceVersionDate "2024.07.31"]
[SourceQuality "1"]

1. e4 c5 2. Nf3 d6 3. c3 Nf6 4. Bd3 Nc6 5. h3 g6 6. Bc2 Bg7 7. 0-0 0-0 8. Re1 Qc7 9. d4 cxd4 10. cxd4 e5 11. Nc3 a6 12. Bg5 h6 13. Be3 b5 14. Bb3 Ne7 15. Rc1 Qb8 16. dxe5 dxe5 17. Bc5 Qb7 18. Nxe5 Nh5 19. Bxe7 Qxe7 20. Nxg6 Qg5 21. Nxf8 Nf4 22. Qf3 Bxh3 23. g3 Be5 24. Bd1 Ng2 25. Bb3 Rxf8 26. Red1 Nf4 27. Re1 Bg4 28. Qe3 Nh3+ 29. Kg2 Bf4 30. gxf4 Nxf4+ 31. Kh2 Qh4+ 32. Kg1 Nh3+ 33. Kg2 Ng5 34. Rh1 Bf3+ 35. Qxf3 Nxf3 36. Rxh4 Nxh4+ 37. Kg3 Ng6 38. f4 1-0

[Event "COL-ch U14"]
[Site "Barranquilla"]
[Date "2024.04.14"]
[Round "6"]
[White "Silva Alvarez, Matias"]
[Black "Arango Alvarez, Alejandro"]
[Result "1/2-1/2"]
[WhiteElo "1577"]
[BlackElo "1680"]
[PlyCount "67"]
[EventDate "2024.04.11"]
[EventType "swiss"]
[EventRounds "7"]
[EventCountry "COL"]
[SourceTitle "CBM 219 Extra"]
[Source "ChessBase"]
[SourceDate "2024.05.31"]
[SourceVersion "1"]
[SourceVersionDate "2024.05.31"]
[SourceQuality "1"]

1. e4 c5 2. Nf3 d6 3. c3 Nf6 4. Bd3 g6 5. h3 h5 6. Bc2 e5 7. d4 cxd4 8. cxd4 exd4 9. Nxd4 Nc6 10. Be3 a6 11. a3 Bg7 12. f4 0-0 13. 0-0 Qb6 14. b4 Ng4 15. hxg4 Bxd4 16. Bxd4 Qxd4+ 17. Qxd4 Nxd4 18. Bd1 Bxg4 19. Bxg4 hxg4 20. Rd1 Ne2+ 21. Kf2 Nxf4 22. Rxd6 Rfd8 23. Rxd8+ Rxd8 24. Nc3 g5 25. Rd1 Rxd1 26. Nxd1 Nd3+ 27. Kg3 Ne5 28. Ne3 b5 29. Nxg4 Nc4 30. Nf6+ Kf8 31. Nd5 Nxa3 32. Nc7 Ke7 33. Kg4 Kd6 34. Nxa6 1/2-1/2

[Event "COL-ch U14"]
[Site "Barranquilla"]
[Date "2024.04.13"]
[Round "5"]
[White "Castro Herrera, Juan Sebastian"]
[Black "Silva Alvarez, Matias"]
[Result "0-1"]
[WhiteElo "1457"]
[BlackElo "1577"]
[PlyCount "68"]
[EventDate "2024.04.11"]
[EventType "swiss"]
[EventRounds "7"]
[EventCountry "COL"]
[SourceTitle "CBM 219 Extra"]
[Source "ChessBase"]
[SourceDate "2024.05.31"]
[SourceVersion "1"]
[SourceVersionDate "2024.05.31"]
[SourceQuality "1"]

1. d4 Nf6 2. Nf3 e6 3. e3 d5 4. c4 Be7 5. Bd3 0-0 6. Bd2 c5 7. dxc5 Bxc5 8. b4 Bb6 9. 0-0 Nc6 10. cxd5 Nxd5 11. a3 Qf6 12. Ra2 e5 13. Nc3 Be6 14. Nxd5 Bxd5 15. Rc2 e4 16. Bc3 Qd8 17. Rd2 exd3 18. Rxd3 Bxf3 19. gxf3 Qg5+ 20. Kh1 Qh5 21. Rd5 Qh4 22. Rg1 g6 23. Rg2 Rad8 24. Rxd8 Rxd8 25. Qa1 Rd6 26. b5 Na5 27. Be5 Re6 28. f4 Nc4 29. Bh8 f6 30. f5 Rd6 31. Qg1 Qe4 32. fxg6 hxg6 33. h3 Bc7 34. a4 b6 0-1

[Event "COL-ch U12"]
[Site "Choconta"]
[Date "2023.03.19"]
[Round "5"]
[White "Silva Alvarez, Matias"]
[Black "Duarte Guiza, Fredy Samuel"]
[Result "1-0"]
[WhiteElo "1433"]
[BlackElo "1139"]
[PlyCount "81"]
[EventDate "2023.03.17"]
[EventType "swiss"]
[EventRounds "7"]
[EventCountry "COL"]
[SourceTitle "CBM 213 Extra"]
[Source "ChessBase"]
[SourceDate "2023.05.31"]
[SourceVersion "1"]
[SourceVersionDate "2023.05.31"]
[SourceQuality "1"]

1. e4 e5 2. Nf3 Nc6 3. Bc4 h6 4. 0-0 Nf6 5. d3 Bc5 6. Nc3 d6 7. h3 0-0 8. Be3 Bb6 9. Qd2 Be6 10. Bb3 Re8 11. Rfe1 Qd7 12. Rad1 Rad8 13. Kh2 Kh7 14. Ng1 d5 15. exd5 Nxd5 16. Nxd5 Bxd5 17. Bxd5 Qxd5 18. Bxb6 axb6 19. a3 Qd6 20. Kh1 e4 21. c3 Re7 22. d4 Ne5 23. Qc2 Nc4 24. Rxe4 Qg6 25. Re2 Rxe2 26. Qxe2 Rd6 27. Qxc4 Rc6 28. Qd3 Qxd3 29. Rxd3 Rf6 30. Rd2 Kg6 31. Re2 b5 32. Nf3 b6 33. Kg1 c5 34. dxc5 bxc5 35. Kf1 Rb6 36. Ne5+ Kf6 37. Nd7+ Kf5 38. Nxb6 g5 39. g4+ Kf4 40. Nd5+ Kf3 41. Re3# 1-0

[Event "COL-ch U12"]
[Site "Choconta"]
[Date "2023.03.17"]
[Round "1"]
[White "Rodriguez Velasquez, William Nicolas"]
[Black "Silva Alvarez, Matias"]
[Result "1-0"]
[WhiteElo "1556"]
[BlackElo "1433"]
[PlyCount "95"]
[EventDate "2023.03.17"]
[EventType "swiss"]
[EventRounds "7"]
[EventCountry "COL"]
[SourceTitle "CBM 213 Extra"]
[Source "ChessBase"]
[SourceDate "2023.05.31"]
[SourceVersion "1"]
[SourceVersionDate "2023.05.31"]
[SourceQuality "1"]

1. d4 e6 2. c4 d5 3. Nc3 Nf6 4. Bg5 Be7 5. Nf3 0-0 6. e3 b6 7. cxd5 exd5 8. Bd3 Be6 9. 0-0 Nbd7 10. e4 dxe4 11. Nxe4 Nxe4 12. Bxe7 Qxe7 13. Bxe4 Rab8 14. Qc2 Nf6 15. Ne5 Bd7 16. Bc6 Qd6 17. Nxd7 Nxd7 18. Rfe1 Rfe8 19. d5 a5 20. Qf5 Red8 21. Re3 Nf6 22. Rae1 h6 23. Rf3 Qb4 24. Ree3 Qxb2 25. h3 Qxa2 26. Rg3 Rd6 27. Re7 Rf8 28. Rxc7 Nxd5 29. Qe5 Rf6 30. Bxd5 Qxf2+ 31. Kh2 Qf5 32. Qxf5 Rxf5 33. Bb3 Rb8 34. Rgc3 g6 35. R3c6 Kg7 36. Ra7 g5 37. Bc2 Rf4 38. Rg6+ Kf8 39. Rxh6 Kg8 40. Ra6 Rb4 41. Rf6 Kg7 42. Rf5 f6 43. Ra7+ Kg8 44. Rxf6 Rb5 45. Rg6+ Kf8 46. Rh6 Kg8 47. Bh7+ Kf8 48. Bd3 1-0